00739 2200253 4500001002100000005001700021020002200038035002500060040001200085082001800097084002200115090002200137100002500159245009400184250001100278260002700289300004300316500003800359650001400397700001800411850001200429990002200441990002200463YOGYA00000000009895620150420113745.0 a978-979-25-5380-2 a0010-021400000000467 aYOPDYOG 2[22]a297.122 aDEP 297.122 Mun P aDEP 297.122 Mun P aMUNZIR HITAMI, 1954- aPengantar studi Al-Qur an : teori dan Pendekatanc/ Munzir Hitami ; editor, Ahmala Arifin aCet. 1 aYogyakartabLKisc2012 ax, 214 hlm.b: ilus.c; 21 cm. (2 eks) aBbibliografi : hlm. 201-206 Index aAl Qur an aAhmala Arifin aYOPDYOG aCB-D.11-2012-1861 aCB-D.11-2012-1862